100 dni 100 dziedzin - 4 (biologia) - Statystyki

Ogólne statystyki
  • Ten quiz został rozwiązany 20 razy
  • Średni wynik to 5 z 15
Statystyki odpowiedzi
Pytanie Odpowiedź % Poprawnych
Ile nóg mają owady? 6
83%
Jakiego koloru jest skóra niedżwiedzia polarnego? Czarna
61%
Jak nazywa się proces w którym rośliny wchłaniają energie słoneczną? Fotosynteza
56%
Co stanowi większość diety Koali? Eukaliptus
50%
Jaki jest największy ludzki organ? Skóra
50%
Które zwierze nie potrafi skakać? Słoń
50%
Gdzie są najmniejsze kośći w ciele? W uchu
44%
Ile kośći ma szkielet dorosłego człowieka? 206
39%
Jaka jest pierwsza ciecz która styka się z naszym pokarmem w ciele? Ślina
39%
W jakich dwóch kolorach mamy krwinki? Białe i Czerwone
28%
Energia słoneczna - Algi - Kryl - Trout - Łosoś - Mors, jak nazywamy tą liste? Łańcuch pokarmowy
22%
Nazwijcie główną ceche ptaków? Jajorodność
6%
Jak naukowo nazywamy proces oddychania? Respiracja
6%
Rośliny, zwierzęta i fungi należą do tej samej domeny, jakiej? Eukarioty
0%
Jak nazywa się najwyższe drzewo świata? Hyberion Sekwoja
0%
Nie znaleziono quizów pasujących do podanych kryteriów
Rozkład punktacji
Procent ludzi z każdym wynikiem
Percentyl według liczby udzielonych odpowiedzi
Twoja historia wyników
Nie rozwiązałeś tego quizu